1791 1513 1189 1590 1594 1197 1908 1309 1326 1335 1344 1217 1861 1503 1109 1327 1572 1633 1561 1084 1062 1292 1985 1693 1966 1978 1366 1730 1262 1721 1100 1272 1888 1433 1129 1603 1800 1162 1497 1094 1883 1772 1265 1475 1735 1900 1244 1507 1077 1580 1458 1398 1078 1040 1415 1038 1207 1546 1312 1000 1217 1883 1073 1592 1329 1358 1354 1044 1316 1008 1220 1028 1857 1901 1594 1216 1803 1272 1488 1026 1035 1605 1140 1822 1735 1187 1877 1383 1790 1903 1185 1195 1218 1863 1330 1523 1273 1756 1777 BCNSPRNW ULIB Ver.6.0+V

เปลี่ยนเป็นภาษาไทย

Change to English
 แสดงรายละเอียดบรรณานุกรม
  กลับหน้าหลัก

Brief Record : Get Marc (ISO 2709) : E-mail record : QR code < ปิดหน้าต่าง
LEADER : 00000nam 2200000uu 4500
001    13399112252
003     ULIB
008    110802s2554||||th 000 0 tha d
020    9786160603718
090    นว.^bอ525ม 2554
100 0  อัญชรีย์
245 00 มนตราวิวาห์หวาน/^cอัญชรีย์
250    พิมพ์ครั้งที่ 2
260    กรุงเทพฯ:^bแจ่มใส, 2554
300    381 หน้า
945    ^p239^l0^i18470
995    เกษร
999    ^aใช้งานได้ทุกระบบ
รายการนี้ยังไม่มีแท็ก
คุณยังไม่ได้ล็อกอิน คุณสามารถมีกิจกรรมร่วมกับเว็บไซต์ได้ แต่ต้องล็อกอินก่อน ::
  ล็อกอิน

รายการสื่อสารสนเทศ

ลำดับที่ ประเภท เลขเรียก/บาร์โค้ด สถานที่ สถานะ
1. วิทยาศาสตร์การแพทย์ และสุขภาพ
วิทยาศาสตร์การแพทย์ และสุขภาพ
นว. อ525ม 2554  
  Barcode: 18470
ห้องสมุดวิทยาเขตสวรรค์ประชารักษ์
►นวนิยาย
บนชั้น
  ขอยืม

รายการใกล้เคียง
    ผู้แต่ง [อัญชรีย์]

BibComment


ยังไม่เคยถูกคอมเมนท์

คอมเมนท์ทรัพยากรรายการนี้
  คอมเมนท์: มนตราวิวาห์หวาน อ..


 Copyright 2026. Bcnsprnw @Library